LEADER 01098oam 2200349zu 450 001 996215099903316 005 20210807003531.0 035 $a(CKB)111026746726152 035 $a(SSID)ssj0000454984 035 $a(PQKBManifestationID)12176938 035 $a(PQKBTitleCode)TC0000454984 035 $a(PQKBWorkID)10415609 035 $a(PQKB)10979367 035 $a(EXLCZ)99111026746726152 100 $a20160829d2000 uy 101 0 $aeng 181 $ctxt 182 $cc 183 $acr 200 10$a1999 12th IEEE International Pulsed Power Conference 210 31$a[Place of publication not identified]$cI E E E$d2000 300 $aBibliographic Level Mode of Issuance: Monograph 311 $a0-7803-5498-2 676 $a621.3815/34 701 $aStallings$b Charles$01231998 701 $aKirbie$b H. C$g(Hugh C.)$01231999 712 02$aInstitute of Electrical and Electronics Engineers, Inc. Staff 801 0$bPQKB 906 $aPROCEEDING 912 $a996215099903316 996 $a1999 12th IEEE International Pulsed Power Conference$92860625 997 $aUNISA LEADER 00912nam a2200277 i 4500 001 991001124189707536 005 20020507111616.0 008 970308s1971 de ||| | eng 035 $ab10177061-39ule_inst 035 $aLE00642553$9ExL 040 $aDip.to Fisica$bita 084 $a510.30 084 $a515'.9 084 $aQA331 100 1 $aBonar, D.D.$0348480 245 10$aOn annular functions /$cD.D. Bonar 260 $aBerlin :$bVEB Deutscher Verlag Der Wissenschaften,$c1971 300 $a66 p. :$bill. ;$c24 cm. 650 4$aAnalytic functions 650 4$aJordan curves 907 $a.b10177061$b21-09-06$c27-06-02 912 $a991001124189707536 945 $aLE006 510.30+510.31 BON$g1$i2006000020787$lle006$o-$pE0.00$q-$rl$s- $t0$u0$v0$w0$x0$y.i10217186$z27-06-02 996 $aOn annular functions$9189273 997 $aUNISALENTO 998 $ale006$b01-01-97$cm$da $e-$feng$gde $h0$i1